Pretvorenia betónových konštrukcií

Saved in:
Bibliographic Details
Main Author: Hájek, Ján (Author)
Format: Book
Language:Slovak
Published: Bratislava : Veda, 1994
Tags: Add Tag
No Tags, Be the first to tag this record!

MARC

LEADER 00000nam a22000003a 4500
001 stu30104
005 20150617225734.7
008 960326s1994----xo------------------slo-d
020 |a 80-224-0027-0 
040 |a STU  |b slo 
041 0 |a slo 
044 |a xo 
080 |a 624.012.3/.4  |7 stu_us_auth*stu4207 
100 1 |a Hájek, Ján  |4 aut 
245 1 |a Pretvorenia betónových konštrukcií 
260 |a Bratislava :  |b Veda,  |c 1994 
300 |a 307 s.;tab.,schémy,grafy 
996 |c V*46880/O-20636  |l VV25  |s P  |a 0  |w stu30104_0001 
996 |b 284V008097  |c V*44219/O-19255  |l VVS  |s A  |a 24  |w stu30104_0002 
996 |b 284V008096  |c V*44220/O-19255a  |l VVS  |s A  |a 24  |w stu30104_0003 
996 |b 284V008095  |c V*44221/O-19255b  |l VVS  |s A  |a 24  |w stu30104_0004 
996 |c V*43941/O-19114  |l VV2  |s P  |a 0  |w stu30104_0005 
996 |b 284V008296  |c V*44149/O-19232  |l VVS  |s A  |a 24  |w stu30104_0006 
996 |b 284V008297  |c V*44150/O-19232a  |l VVS  |s A  |a 24  |w stu30104_0007